[Event "IND-ch U15"]
[Site "Mumbai"]
[Date "2009.11.02"]
[Round "2"]
[White "Priyanka, Kumari"]
[Black "Soumya, Shrivastava"]
[Result "1-0"]
[WhiteElo "2075"]
[BlackElo "1765"]
[PlyCount "89"]
[EventDate "2009.11.01"]
[EventType "swiss"]
[EventRounds "11"]
[EventCountry "IND"]
[SourceTitle "EXT 2011"]
[Source "ChessBase"]
[SourceDate "2010.11.26"]
[SourceVersion "1"]
[SourceVersionDate "2010.11.26"]
[SourceQuality "1"]

1. e4 c6 2. d4 d5 3. f3 Nd7 4. Nc3 dxe4 5. fxe4 e6 6. Nf3 Ngf6 7. Bd3 Be7 8. 0-0 0-0 9. Qe1 Qc7 10. e5 Nd5 11. Bg5 Re8 12. Nxd5 cxd5 13. Bxh7+ Kxh7 14. Bxe7 Kg8 15. Bd6 Qxc2 16. Ng5 f6 17. exf6 Nxf6 18. Be5 Qg6 19. Qh4 Rf8 20. Rf3 Nh7 21. Qxh7+ Qxh7 22. Rxf8+ Kxf8 23. Nxh7+ Kg8 24. Ng5 Bd7 25. Rf1 Rf8 26. Rxf8+ Kxf8 27. Bd6+ Kg8 28. Kf2 g6 29. Ke3 Kg7 30. Be7 Kh6 31. Kf4 Kg7 32. Ke5 Bb5 33. Kxe6 Bc6 34. Kd6 Kg8 35. Ne6 Kf7 36. Nd8+ Ke8 37. Nxc6 bxc6 38. Bg5 Kf7 39. Kxc6 Ke6 40. Bd2 a6 41. Kb6 Kf5 42. Kxa6 Ke4 43. Bc3 Kd3 44. Kb5 Ke4 45. a4 1-0